Hidden Neighbors of Brazil Quiz Stats

Quiz Updated Apr 11, 2016

Challenge
Share
Tweet
Score 0/10 Timer 01:00
9 Plays Today
% Correct
Peru
83.3%
Colombia
81.1%
Bolivia
79.5%
Venezuela
77.6%
Paraguay
74.5%
Guyana
70.9%
Suriname
70.2%
Uruguay
69.3%
Argentina
69.1%
France
66.6%

You're not logged in!

Compare scores with friends on all Sporcle quizzes.
Sign Up with Email
OR
Log In

You Might Also Like...

Show Comments

Extras

Top Quizzes Today


Score Distribution

Your Account Isn't Verified!

In order to create a playlist on Sporcle, you need to verify the email address you used during registration. Go to your Sporcle Settings to finish the process.